000 00849nam a2200217 a 4500
008 120416s1995 ||||||||||||||||| || u
020 _a0521499526
050 _aQH 541.15.S64 Ros
100 _aRosenzweig, Michael L
245 1 0 _aSpecies diversity in space and time
260 _aCambridge
_bCambridge University Press
_c1995
300 _axx, 436p. : ill.
350 _a0.00
500 _aIncludes bibliographical references (p. [385]-421) and index.
650 _aECOLOGY
650 _aBIOGEOGRAPHY
650 _aSPECIES DIVERSITY
856 _uhttp://www.loc.gov/catdir/description/cam026/94043750.html
856 _uhttp://www.loc.gov/catdir/toc/cam025/94043750.html
995 _D0.00
_FCBU-MAIN LIBRARY (Kitwe)
_H1
_I26.95
_M1
_UAVAILABLE
_ZMain Library Open Access Collection
999 _c58069
_d58069